| 000 | 00723nam a2200229Ia 4500 | ||
|---|---|---|---|
| 001 | 15518 | ||
| 003 | GE_BSU | ||
| 008 | 181216s||||||||xx |||||||||||||| ||und|| | ||
| 040 | _cGE_BSU | ||
| 080 | _a821.353.1-31 | ||
| 100 | _aჩხიკვაძე,პანტელეიმონ | ||
| 245 | _aნაბიჯები. | ||
| 245 | _bრომანი | ||
| 245 | _cრედ.ნ.ორჯონიკიძე. მხატვ.ნ.ჩიქოვანი | ||
| 260 | _aთბილისი | ||
| 260 | _bსაბჭოთა საქართველო | ||
| 260 | _c1969 | ||
| 300 | _a373გვ.ილ.21სმ. | ||
| 653 | _aნაბიჯები. | ||
| 653 | _aრომანი | ||
| 942 | _cBK | ||
| 999 |
_c48618 _d48618 |
||